Giáo trình thực tập hóa lý đất

Giáo trình trình bày các bài tập thực hành trong việc phân tích tính chất hóa lý của đất. Giáo trình dùng làm tài liệu cho sinh viên ngành khoa học đất

保存先:
書誌詳細
第一著者: Nguyễn, Mỹ Hoa
フォーマット: 図書
言語:Undetermined
出版事項: Cần Thơ Đại học Cần Thơ 2016
主題:
タグ: タグ追加
タグなし, このレコードへの初めてのタグを付けませんか!
Thư viện lưu trữ: Trung tâm Học liệu Trường Đại học Cần Thơ
LEADER 00882nam a2200229Ia 4500
001 CTU_214426
008 210402s9999 xx 000 0 und d
020 |c 29000 
082 |a 631.4078 
082 |b H401 
100 |a Nguyễn, Mỹ Hoa 
245 0 |a Giáo trình thực tập hóa lý đất 
245 0 |c Nguyễn Mỹ Hoa (Chủ biên) 
260 |a Cần Thơ 
260 |b Đại học Cần Thơ 
260 |c 2016 
520 |a Giáo trình trình bày các bài tập thực hành trong việc phân tích tính chất hóa lý của đất. Giáo trình dùng làm tài liệu cho sinh viên ngành khoa học đất 
526 |a TT. Hóa lý 
526 |b TN110 
650 |a Hóa lý đất,Soil physical chemistry 
904 |i Tuyến 
980 |a Trung tâm Học liệu Trường Đại học Cần Thơ